000 00295 a2200121 4500
001 86535
082 _a398.2 LOK
090 _c40710
_d40710
100 _aReshman Folk
245 _aHeritage & Folklore GM-12 (Only DVD)
260 _aIslamabad
_bLok Virsa Islamabad
_c2012
500 _aLok Virsa
942 _aCAENUST
_k398.2 LOK
999 _c321608
_d321608